000
00235 a2200097 4500
001
33006
100
_a
Ricardo, C.M
245
_a
Databases Illuminated
260
_a
Boston
_b
Jones and Bartlett Publishers
_c
2004
090
_c
22132
_d
22132
942
_a
NUST-CAE
_c
M
_c
13484
999
_c
268079
_d
268079